| 000 | 00591nam a22002057a 4500 | ||
|---|---|---|---|
| 003 | BUBTL | ||
| 008 | 170521b xxu||||| |||| 00| 0 eng d | ||
| 082 | _a677.028COT | ||
| 100 |
_91201 _aCollier,Billie J./ Epps,Helen H. |
||
| 245 | _aTextile Testing and Analysis | ||
| 250 | _a2nd | ||
| 260 |
_aBrooklyn _bChemical Publishing Co. _cc1949 |
||
| 300 |
_a[xii],344p. _bills. _c21cm. |
||
| 650 | 0 |
_9909 _aTextile Engineering |
|
| 700 |
_91202 _aCollier,Billie J./ Epps,Helen H. |
||
| 760 | _b2nd | ||
| 856 |
_k0 _l0 _yDownload |
||
| 942 |
_2ddc _cBK |
||
| 999 |
_c5451 _d5451 |
||